| 000 | 00500nam a22001697a 4500 | ||
|---|---|---|---|
| 020 | _a9783190016921 | ||
| 041 | _ager | ||
| 080 | _a81.3 | ||
| 090 | _bPER | ||
| 100 | _aPerimann-Balme, Michaels und Andreas Tomaszewski. | ||
| 245 | _aThemen Aktuell 3. Zertifikatsband. Kursbuch | ||
| 260 |
_aIsmaning _bMax Hueber Verlag _c2004 |
||
| 300 | _a168 | ||
| 520 | _aDeutsch als Fremdsprache. Niveaustufe B1. Dazu gibt es: Arbeitsbuch mit Ubungsaufgaben; Hortexte. | ||
| 650 | _aGerman | ||
| 999 |
_c283273 _d283273 |
||
| 942 | _cBK | ||